|
|
|
|
| LEADER |
01555nam a2200325 a 4500 |
| 001 |
c000044183 |
| 003 |
CARM |
| 005 |
20000822164941.0 |
| 008 |
790326s1978 enka b 101 0 eng |
| 010 |
|
|
|a 79301377 //r842
|
| 015 |
|
|
|a GB***
|
| 019 |
1 |
|
|a 1408706
|z 40263963
|5 LACONCORD2021
|
| 020 |
|
|
|a 0853347700 :
|c L.32.00
|
| 035 |
|
|
|a (OCoLC)4932398
|5 LACONCORD2021
|
| 040 |
|
|
|a LC
|b eng
|c LC
|d LC
|
| 050 |
0 |
0 |
|a TA418.9.C6
|b A29
|
| 082 |
0 |
4 |
|a 620.1/1
|
| 245 |
0 |
0 |
|a Advances in composite materials /
|c edited by G. Piatti.
|
| 260 |
|
|
|a London :
|b Applied Science Publishers,
|c 1978.
|
| 300 |
|
|
|a xii, 405 p. :
|b ill. ;
|c 23 cm.
|
| 500 |
|
|
|a Seminar organized by the Training and Education Service and the Materials Science Division of the Joint Research Centre, Ispra Establishment, in collaboration with the Centro materiali compositi, Asmeccanica, Naples.
|
| 504 |
|
|
|a Includes bibliographical references and index.
|
| 650 |
|
0 |
|a Composite materials
|x Congresses.
|
| 700 |
1 |
|
|a Piatti, G.
|
| 710 |
2 |
|
|a Commission of the European Communities.
|b Joint Research Centre.
|b Ispra Establishment.
|b Training and Education Service.
|
| 710 |
2 |
|
|a Commission of the European Communities.
|b Joint Research Centre.
|b Ispra Establishment.
|b Materials Science Division.
|
| 710 |
2 |
|
|a Asmeccanica.
|t Centro materiali compositi.
|
| 852 |
8 |
|
|b CARM
|h A2:AH08C0
|i B04015
|p 0189985
|f BK
|
| 999 |
f |
f |
|i 8802f54c-b930-53bc-97a3-467e9f019e7e
|s 63ebcc95-5f68-50d2-a7c9-098f91331ba2
|
| 952 |
f |
f |
|p Can circulate
|a CAVAL
|b CAVAL
|c CAVAL
|d CARM 1 Store
|e B04015
|f A2:AH08C0
|h Other scheme
|i book
|m 0189985
|